| 000 | 00478nam a22001577a 4500 | ||
|---|---|---|---|
| 003 | macl | ||
| 005 | 20170209130548.0 | ||
| 008 | 170209b xxu||||| |||| 00| 0 eng d | ||
| 040 | _cmacl | ||
| 082 |
_220 _a891.433/NAN |
||
| 100 |
_aनन्दी मति _966785 |
||
| 245 | _aसादा लिफाफा | ||
| 260 |
_aनई दिल्ली _bसाहित्य अकादमी _c१९९४ |
||
| 650 |
_aउपंयास _966786 |
||
| 942 |
_2ddc _cHIN |
||
| 999 |
_c56087 _d56087 |
||